IC Engines (Record no. 326306)
[ view plain ]
| 000 -LEADER | |
|---|---|
| fixed length control field | 00450nam a2200169Ia 4500 |
| 008 - FIXED-LENGTH DATA ELEMENTS--GENERAL INFORMATION | |
| fixed length control field | 230718s9999 xx 000 0 und d |
| 020 ## - INTERNATIONAL STANDARD BOOK NUMBER | |
| International Standard Book Number | 9788184870879 |
| 041 ## - LANGUAGE CODE | |
| Language code of text/sound track or separate title | eng |
| 082 ## - DEWEY DECIMAL CLASSIFICATION NUMBER | |
| Classification number | 621.43 |
| Item number | PUN |
| 100 ## - MAIN ENTRY--PERSONAL NAME | |
| Personal name | Pundir B.P. |
| 245 ## - TITLE STATEMENT | |
| Title | IC Engines |
| Remainder of title | Combustion And Emissions |
| 260 ## - PUBLICATION, DISTRIBUTION, ETC. (IMPRINT) | |
| Date of publication, distribution, etc. | 2010 |
| Name of publisher, distributor, etc. | Narosa Publishing |
| 300 ## - PHYSICAL DESCRIPTION | |
| Extent | 504 |
| 365 ## - TRADE PRICE | |
| Currency code | Rs. |
| Price amount | 450.00 |
| 700 ## - ADDED ENTRY--PERSONAL NAME | |
| Personal name | Pundir B.P. |
| 906 ## - LOCAL DATA ELEMENT F, LDF (RLIN) | |
| d | O:0124130-Oct-2010B:557328-Sep-2010 |
| c | MECH |
| b | 112.5 |
| Withdrawn status | Lost status | Damaged status | Not for loan | Home library | Current library | Date acquired | Vendor | Budget Code | Cost, normal purchase price | Bill number | Total Checkouts | Full call number | Barcode | Date last seen | Discount | Cost, replacement price | Bill Date | Koha item type | Original Barcode |
|---|---|---|---|---|---|---|---|---|---|---|---|---|---|---|---|---|---|---|---|
| Cummins College of Engineering for Women Pune | Cummins College of Engineering for Women Pune | 30/10/2010 | Tbs | MECH | 337.50 | 5573 | 621.43 | CCEP-BK-37513 | 18/07/2023 | 112.5 | 450.00 | 28/09/2010 | Books | 037513 |